| 000 | 00872nam a22002057a 4500 | ||
|---|---|---|---|
| 999 |
_c15522 _d15522 |
||
| 003 | AR-CdUCM | ||
| 008 | 190429b ||||| |||| 00| 0 spa d | ||
| 040 |
_aMUNICIPALIDAD PROVINCIAL DEL CUSCO _cBIBLIOTECA MUNICIPAL DEL CUSCO |
||
| 082 |
_a910 / _bZ42 / 1917 |
||
| 110 |
_aMinisterio de Guerra y Marina _927630 |
||
| 245 | _aMemoria del viaje de estudios dirigido por el Teniente Coronel D. Isaac Zapater / | ||
| 260 |
_aLima : _bImpr. Lit. y Libr. del Estado Mayor General del Ejército, _c1917 |
||
| 300 |
_a324 páginas ; _bMapas, _c32 cm. |
||
| 505 | _aContenido: Proyecto del viaje: su organización y preparación -- Descripción general del camino -- Datos estadísticos, planos y croquis. | ||
| 650 |
_aDescripciones y viajes _9497 |
||
| 650 |
_aPerú _935 |
||
| 710 |
_aMinisterio de Guerra y Marina _927630 |
||
| 942 |
_2ddc _cLIBROS |
||
| 945 |
_aacv _d2019-04-29 |
||